| Tag |
First Indicator |
Second Indicator |
Subfields |
| LEADER |
00000cam a2200000 4500 |
| 001 |
in00000282907 |
| 005 |
20151010090855.0 |
| 008 |
720320s1971 ctub b 00100 eng |
| 010 |
|
|
|a 70151574
|
| 020 |
|
|
|a 0300012896
|c $30.00
|
| 035 |
|
|
|a (OCoLC)00278092
|
| 035 |
|
|
|9 ABG4915AM
|
| 040 |
|
|
|a DLC
|c DLC
|d TXA
|d UtOrBLW
|
| 043 |
|
|
|a e-fr---
|a e-uk---
|a f------
|
| 049 |
|
|
|a TXAM
|c [1145289]
|
| 050 |
0 |
0 |
|a DT33
|b .F7
|
| 082 |
0 |
|
|a 325.6
|
| 245 |
0 |
0 |
|a France and Britain in Africa: imperial rivalry and colonial rule /
|c Edited by Prosser Gifford and Wm. Roger Louis.
|
| 264 |
|
1 |
|a New Haven :
|b Yale University Press,
|c 1971.
|
| 300 |
|
|
|a xix, 989 pages :
|b maps. ;
|c 25 cm.
|
| 336 |
|
|
|a text
|b txt
|2 rdacontent
|
| 337 |
|
|
|a unmediated
|b n
|2 rdamedia
|
| 338 |
|
|
|a volume
|b nc
|2 rdacarrier
|
| 500 |
|
|
|a Revised papers of a conference held by the Concilium on International Studies in March 1968.
|
| 500 |
|
|
|a A related work, Britain and Germany in Africa: imperial rivalry and colonial rule, contains the papers of the 1965 conference.
|
| 504 |
|
|
|a Bibliography: pages 903-950.
|
| 651 |
|
0 |
|a France
|x Colonies
|z Africa
|x Congresses.
|
| 651 |
|
0 |
|a Great Britain
|x Colonies
|z Africa
|x Congresses.
|
| 651 |
|
0 |
|a Great Britain
|x Foreign relations
|z France
|x Congresses.
|
| 651 |
|
0 |
|a France
|x Foreign relations
|z Great Britain
|x Congresses.
|
| 700 |
1 |
|
|a Gifford, Prosser.
|
| 700 |
1 |
|
|a Louis, William Roger,
|d 1936-
|
| 710 |
2 |
|
|a Yale University.
|b Concilium on International Studies.
|
| 999 |
|
|
|a MARS
|
| 999 |
f |
f |
|s 4454d0e4-2bc1-388c-a2fc-6e36ab346c2c
|i b9972f52-b1fb-3423-8787-8b1a4e8ef4c2
|t 0
|
| 952 |
f |
f |
|p normal
|a Texas A&M University
|b College Station
|c Sterling C. Evans Library
|s Evans stk
|d Evans: Library Stacks
|t 0
|e DT33 .F7
|h Library of Congress classification
|i unmediated -- volume
|m A14802085508
|
| 998 |
f |
f |
|a DT33 .F7
|t 0
|l Evans: Library Stacks
|